|
|
|
|
| LEADER |
00000nas a2200000 a 4500 |
| 001 |
ssj0001177 |
| 003 |
WaSeSS |
| 005 |
20200512172242.0 |
| 006 |
m d |
| 007 |
cr n |
| 008 |
980717c19729999nyubx pss o 0 a0eng c |
| 010 |
|
|
|a 2004233217
|
| 015 |
|
|
|a 17,O11
|2 dnb
|
| 016 |
7 |
|
|a 2015584-0
|2 DE-600
|
| 016 |
7 |
|
|a 020475551
|2 DE-101
|
| 016 |
7 |
|
|a 012433182
|2 Uk
|
| 022 |
|
|
|a 1572-9915
|l 0300-7839
|y 0300-7839
|
| 035 |
|
|
|a (WaSeSS)ssj0001177
|
| 040 |
|
|
|a F#A
|b eng
|e pn
|c F#A
|d OCL
|d OCLCQ
|d MUQ
|d OCLCQ
|d GUA
|d OCLCQ
|d OCLCS
|d EYM
|d OCLCQ
|d BUF
|d OCLCF
|d OCLCO
|d OCLCQ
|d DEBBG
|d GWDNB
|d OCLCO
|d OCLCA
|d EZC
|d GILDS
|d UKMGB
|d VT2
|d OCLCA
|d NJT
|d DLC
|d SFB
|d CNMTR
|d WaSeSS
|
| 042 |
|
|
|a pcc
|
| 050 |
0 |
0 |
|a GF1
|
| 082 |
0 |
4 |
|a 304.2
|
| 130 |
0 |
|
|a Human ecology (Online)
|
| 245 |
1 |
0 |
|a Human ecology
|h [electronic resource].
|
| 260 |
|
|
|3 -June 2004 :
|a New York, N.Y. :
|b Plenum Publishing Corporation,
|c 1972-
|
| 260 |
3 |
|
|3 Aug. 2004- :
|a [New York] :
|b Springer US
|
| 310 |
|
|
|a Six no. a year,
|b 2004-
|
| 321 |
|
|
|a Semiannual,
|b 1972-1973
|
| 321 |
|
|
|a Quarterly,
|b 1974-2003
|
| 362 |
0 |
|
|a Vol. 1, no. 1 (Mar. 1972)-
|
| 500 |
|
|
|a Title from cover (JSTOR, viewed Nov. 21, 2008).
|
| 506 |
|
|
|a License restrictions may limit access.
|
| 538 |
|
|
|a Mode of access: World Wide Web.
|
| 588 |
|
|
|a Latest issue consulted: Vol. 47, issue 3 (June 2019) (Springer Link, viewed Aug. 12, 2019).
|
| 650 |
|
0 |
|a Human ecology
|v Periodicals.
|
| 650 |
|
6 |
|a Ecologie humaine
|v Périodiques.
|
| 650 |
|
7 |
|a Human ecology.
|2 fast
|0 (OCoLC)fst00962941
|
| 650 |
|
7 |
|a Humanökologie
|2 gnd
|
| 650 |
|
7 |
|a Zeitschrift
|2 gnd
|
| 650 |
|
7 |
|a Online-Ressource
|2 gnd
|
| 655 |
|
0 |
|a Electronic journals.
|
| 776 |
0 |
8 |
|i Print version:
|t Human ecology
|x 0300-7839
|w (DLC) 72623826
|w (OCoLC)1057949
|
| 850 |
|
|
|a DLC
|
| 856 |
4 |
0 |
|z Full text available from Research Library: 03/01/1996 to 1 year ago
|u https://search.proquest.com/publication/48275
|